[Event "SLO-chT2 East"]
[Site "Slovenia"]
[Date "2015.10.10"]
[Round "5"]
[White "Komarica, Herbert"]
[Black "Skuhala, Barbara"]
[Result "1/2-1/2"]
[WhiteElo "1844"]
[BlackElo "1875"]
[PlyCount "50"]
[EventDate "2015.09.05"]
[EventType "team-tourn"]
[EventRounds "9"]
[EventCountry "SLO"]
[SourceTitle "EXT 2019"]
[Source "ChessBase"]
[SourceDate "2018.10.10"]
[SourceVersion "1"]
[SourceVersionDate "2018.10.10"]
[SourceQuality "1"]
[WhiteTeam "Fuzinar Hapro"]
[BlackTeam "Radenska Ljutomer"]
[WhiteTeamCountry "SLO"]
[BlackTeamCountry "SLO"]

1. d4 Nf6 2. c4 e6 3. Nc3 Bb4 4. e3 Bxc3+ 5. bxc3 c5 6. Bd3 d6 7. Ne2 Nc6 8. 0-0 0-0 9. e4 e5 10. d5 Na5 11. Ng3 h6 12. Qe2 b6 13. h3 Re8 14. Be3 Qe7 15. Rae1 Bd7 16. f3 Rab8 17. Qd2 a6 18. f4 b5 19. cxb5 Bxb5 20. fxe5 Qxe5 21. Bf4 Qe7 22. Be3 Qe5 23. Bf4 Qe7 24. Be3 Qe5 25. Bf4 Qe7 1/2-1/2

[Event "SLO-chT2 East"]
[Site "Slovenia"]
[Date "2015.09.19"]
[Round "3"]
[White "Suta, Tomaz"]
[Black "Komarica, Herbert"]
[Result "1/2-1/2"]
[WhiteElo "1673"]
[BlackElo "1844"]
[PlyCount "37"]
[EventDate "2015.09.05"]
[EventType "team-tourn"]
[EventRounds "9"]
[EventCountry "SLO"]
[SourceTitle "EXT 2019"]
[Source "ChessBase"]
[SourceDate "2018.10.10"]
[SourceVersion "1"]
[SourceVersionDate "2018.10.10"]
[SourceQuality "1"]
[WhiteTeam "Ptuj II"]
[BlackTeam "Fuzinar Hapro"]
[WhiteTeamCountry "SLO"]
[BlackTeamCountry "SLO"]

1. e4 c5 2. Nf3 d6 3. d4 cxd4 4. Nxd4 Nc6 5. Nc3 g6 6. Be3 Bg7 7. Bc4 Nf6 8. f3 0-0 9. Qd2 Bd7 10. 0-0-0 Ne5 11. Bb3 Rc8 12. g4 Nc4 13. Bxc4 Rxc4 14. h4 h5 15. Nde2 Ne8 16. Nd4 Nf6 17. Nde2 Ne8 18. Nd4 Nf6 19. Nde2 1/2-1/2